000 00886cam a22002532 4500
001 7818
003 BD-RjUL
005 20211208234500.0
008 140115s1960 enk b 000 0 eng d
035 _a(BD-RjUL)7862
_aOCLC ocm03140961 from D970922M
040 _aIAI
_cIAI
_dUKM
_dEQO
_dBD-RjUL
_beng
041 1 _aengrus
082 0 4 _a519.82
_218
_bKHM 1960
100 1 _aKhinchin, A Y
_q(Aleksandr I͡Akovlevich),
_d1894-1959.
_924396
245 1 0 _aMathematical methods in the theory of queueing /
_cby A. Y. Khintchine ; translated by D. M. Andrews and M. H. Quenouille.
260 _aLondon :
_bGriffin,
_c1960.
300 _a120 p. ;
_c22 cm.
490 0 _aGriffin's statistical monographs & courses ;
_vno. 7
504 _aBibliography: p. 120.
650 0 _aQueuing theory.
_924397
700 _aAndrews, D. M.
_9154397
700 _aQuenouille, M. H.
_9154398
942 _2ddc
_cBK
999 _c7818
_d7818